Дело о титулярном советнике Афонасьеве

Доступно только в Электронных читальных залах Найти на картеНа карте
RUSMARC
00003751nmc2a22002413x 450
0013a943ae5-1aee-4b91-b30b-4fc6436ddb1f
00520210324170740.0
100##$a20200929l18661866k l0rusy0189 ca
1010#$arus
102##$aRU
105##$ay###
1222#$ad
2001#$aДело о титулярном советнике Афонасьеве
$j1-6 октября 1866 г.
215##$a5 л.
$d36,5х26 см
251##$cДело
300##$aДело
371##$aДокумент не является опубликованным и широко распространяемым
461#0$1001523d12d2-4a37-4177-a83e-48262505de72
$12001
$aКонтора Двора наследника великого князя Александра Александровича Министерства императорского двора
$1251
$cФонд
$1852
$j1339
462#0$10015074ec88-c387-4e05-81c2-22e88a986e80
$12001
$aОпись делам Конторы Двора наследника великого князя Александра Александровича Министерства императорского двора за 1864-1866 годы
$1251
$cОпись
$1852
$j1
$l1864-1866 гг.
801#0$aRU
$bРГИА
$c20200929
$gRCR
801#1$aRU
$bГлавНИВЦ
$c20200929
$2rusmarc
801#2$aRU
$bПБ им. Б.Н. Ельцина
$c20210324
$gRCR
$2rusmarc
850##$aРГИА
852##$aРГИА
$eФедеральное казенное учреждение "Российский государственный исторический архив" (РГИА)
$j23
937##$hРГИА
$d12347181
$aASBIBLIO_SCAN
035##$aRusGRCC00015328
856##$uhttp://readingroom.main.prlib.ru/item.aspx?id_node=n159921501&mode=full
Формат отображения